Diskusie o ekonomickej reforme

Gespeichert in:
Bibliographische Detailangaben
1. Verfasser: Černáková, Helena
Weitere Verfasser: Ščasná, Jana
Format: Buch
Sprache:Slowakisch
Veröffentlicht: Bratislava VÚNH VŠE 1992
Schlagworte:
Tags: Tag hinzufügen
Keine Tags, Fügen Sie das erste Tag hinzu!

MARC

LEADER 00000nam a2200000 4500
001 c002410
005 20260325091342.9
041 0 |a slo 
044 |a SK 
245 1 0 |a Diskusie o ekonomickej reforme  |c Helena Černáková, Jana Ščasná 
264 1 |a Bratislava  |b VÚNH VŠE  |c 1992 
300 |a 20 s. 
610 2 0 |a reformy hospodárske 
610 2 0 |a transformácia 
610 2 0 |a Československo 
100 1 |a Černáková, Helena 
700 1 |a Ščasná, Jana